[Event "Politiken Cup"]
[Site "Copenhagen"]
[Date "2006.07.29"]
[Round "8.64"]
[White "Rosenkilde, Alexander"]
[Black "Akdag, Dara"]
[Result "0-1"]
[WhiteElo "2054"]
[BlackElo "1958"]
[PlyCount "98"]
[EventDate "2006.??.??"]

1. d4 Nf6 2. c4 e6 3. Nf3 c5 4. g3 cxd4 5. Nxd4 Nc6 6. Bg2 Bc5 7. Nb3 Bb4+ 8.
Bd2 Bxd2+ 9. Qxd2 d5 10. cxd5 Nxd5 11. O-O O-O 12. Na3 Nde7 13. Qe3 Qb6 14.
Qxb6 axb6 15. Nb5 Rd8 16. a3 e5 17. Nc7 Rb8 18. Be4 Nd4 19. Nxd4 Rxd4 20. Rfd1
Nc6 21. Rxd4 Nxd4 22. e3 Ne6 23. Rd1 g6 24. Nd5 Nc5 25. Bg2 f5 26. Nxb6 Be6 27.
Rd6 Kf7 28. Kf1 e4 29. Kg1 Nd3 30. b4 Ke7 31. Rd4 Rd8 32. Kf1 Rxd4 33. exd4 Kd6
34. f3 Kc6 35. d5+ Bxd5 36. Nxd5 Kxd5 37. fxe4+ fxe4 38. Ke2 Kd4 39. b5 b6 40.
Kd2 Nc5 41. g4 Na4 42. g5 Nc3 43. Bf1 Nb1+ 44. Ke1 Nxa3 45. h4 Ke3 46. Bh3 Nc2+
47. Kd1 Nd4 48. Bd7 Kf2 49. h5 gxh5 0-1

[Event "Politiken Cup"]
[Site "Copenhagen"]
[Date "2006.07.29"]
[Round "8.65"]
[White "Andersen, Dag"]
[Black "Bering, Anders"]
[Result "1/2-1/2"]
[WhiteElo "1910"]
[BlackElo "2046"]
[PlyCount "40"]
[EventDate "2006.??.??"]

1. d4 Nf6 2. Nf3 e6 3. Bg5 Be7 4. e3 b6 5. Nbd2 Bb7 6. Bd3 c5 7. c3 d6 8. O-O
Nbd7 9. Qe2 O-O 10. e4 Qc7 11. e5 dxe5 12. dxe5 Nd5 13. Bxe7 Nxe7 14. Rfe1 h6
15. Bc2 Rfd8 16. Rad1 Nf8 17. Ne4 Neg6 18. Nd6 Nf4 19. Qe3 Nd5 20. Qe2 Nf4
1/2-1/2

[Event "Politiken Cup"]
[Site "Copenhagen"]
[Date "2006.07.29"]
[Round "8.66"]
[White "Christensen, Jim L"]
[Black "Wurtz, Jacob"]
[Result "0-1"]
[WhiteElo "1672"]
[BlackElo "2001"]
[PlyCount "84"]
[EventDate "2006.??.??"]

1. e4 e6 2. f4 d5 3. e5 c5 4. Nf3 Nc6 5. d3 Qb6 6. c3 Bd7 7. Be2 Nge7 8. Na3
Nf5 9. Nc2 Be7 10. O-O Rc8 11. Qe1 h5 12. Qf2 h4 13. Rb1 Qc7 14. Bd2 a6 15.
Rfe1 b5 16. Bf1 a5 17. Ne3 Nxe3 18. Bxe3 Nb8 19. g4 hxg3 20. hxg3 Na6 21. Bg2
Bc6 22. g4 g6 23. Re2 Kd7 24. Bd2 Rh7 25. d4 Rch8 26. f5 gxf5 27. gxf5 Rh5 28.
f6 Bf8 29. a3 b4 30. Be3 Bb5 31. Rd2 Bc4 32. Rc1 bxa3 33. bxa3 cxd4 34. Rxd4
Bxa3 35. Ra1 Bf8 36. Qc2 Nc5 37. Rxc4 dxc4 38. Rd1+ Kc8 39. Nd4 Qxe5 40. Qf2
Nd3 41. Qf3 Qd5 42. Qg4 Rh1+ 0-1

[Event "Politiken Cup"]
[Site "Copenhagen"]
[Date "2006.07.29"]
[Round "8.67"]
[White "Danielsson, Robert"]
[Black "Agustsson, Hafsteinn"]
[Result "0-1"]
[WhiteElo "2037"]
[BlackElo "1945"]
[PlyCount "84"]
[EventDate "2006.??.??"]

1. d4 d5 2. Nf3 e6 3. g3 Nf6 4. Bg2 Be7 5. O-O O-O 6. c4 c6 7. b3 Nbd7 8. Bb2
Re8 9. Nbd2 b5 10. Ne5 Nxe5 11. dxe5 Nd7 12. e4 dxc4 13. bxc4 Nb6 14. cxb5 cxb5
15. Qe2 Na4 16. Nb3 Nxb2 17. Qxb2 Qb6 18. Kh1 a5 19. f4 Rd8 20. f5 Bg5 21. Rae1
a4 22. Nc1 Rd2 23. Qb4 Rd4 24. Qb2 Ba6 25. Ne2 Rd2 26. Qb4 Rad8 27. Bh3 exf5
28. exf5 Bb7+ 29. Bg2 Be3 30. f6 Qc6 31. Rg1 Qb6 32. Qg4 g6 33. Rgf1 Rxa2 34.
Qh4 h5 35. g4 Rd4 36. Rf3 Rxg4 37. Qh3 Bc5 38. Ng3 b4 39. e6 fxe6 40. f7+ Kf8
41. Nxh5 Rgxg2 42. Nf4 Rxh2+ 0-1

[Event "Politiken Cup"]
[Site "Copenhagen"]
[Date "2006.07.29"]
[Round "8.68"]
[White "Bue, Gunnar"]
[Black "Quinn, David"]
[Result "0-1"]
[WhiteElo "1843"]
[BlackElo "2035"]
[PlyCount "78"]
[EventDate "2006.??.??"]

1. d4 Nf6 2. c4 g6 3. Nc3 Bg7 4. e4 d6 5. f3 O-O 6. Be3 Nc6 7. Nge2 a6 8. Qd2
Rb8 9. g4 e5 10. d5 Na5 11. Ng3 c5 12. h4 b5 13. cxb5 axb5 14. Bh6 b4 15. Nd1
c4 16. Bxg7 Kxg7 17. h5 Qe7 18. Ne3 c3 19. bxc3 bxc3 20. Qxc3 Qa7 21. Rc1 Bd7
22. Qd2 Kh8 23. Be2 Bb5 24. g5 Ng8 25. h6 f6 26. gxf6 Nxf6 27. Bxb5 Rxb5 28.
Ne2 Qb6 29. Nc3 Rb4 30. Nc2 Nc4 31. Qd3 Nb2 32. Qe2 Rc4 33. Ne3 Qd4 34. Nxc4
Nd3+ 35. Kd2 Nxc1+ 36. Kxc1 Qxc3+ 37. Qc2 Qxf3 38. Rd1 Nxe4 39. Nd2 Qa3+ 0-1

[Event "Politiken Cup"]
[Site "Copenhagen"]
[Date "2006.07.29"]
[Round "8.69"]
[White "Nielsen, Jens Holm"]
[Black "Nielsen, Palle"]
[Result "1-0"]
[WhiteElo "2034"]
[BlackElo "1873"]
[PlyCount "83"]
[EventDate "2006.??.??"]

1. Nc3 c5 2. f4 Nf6 3. e4 e6 4. Nf3 Nc6 5. Bb5 a6 6. Bxc6 bxc6 7. O-O a5 8. b3
Ba6 9. d3 h6 10. Qe1 Qc7 11. Bd2 Bb7 12. Ne2 Be7 13. Ng3 Nh7 14. Bc3 f6 15. Nh4
Nf8 16. f5 e5 17. Qe2 O-O-O 18. Qd2 Qb8 19. Bxa5 Re8 20. Rab1 d5 21. c4 Bd8 22.
Rfc1 d4 23. Bxd8 Kxd8 24. Qa5+ Qc7 25. Qxc5 g5 26. fxg6 Ne6 27. Qb4 Nf4 28. Qd2
Rhg8 29. Rf1 Bc8 30. Ngf5 Nxg6 31. Nxg6 Rxg6 32. b4 Reg8 33. Rf2 h5 34. b5 c5
35. b6 Qc6 36. Qa5 Bb7 37. Qb5 Qc8 38. Nd6 Rxg2+ 39. Rxg2 Rxg2+ 40. Kh1 Qc6 41.
Qxc6 Bxc6 42. Kxg2 1-0

[Event "Politiken Cup"]
[Site "Copenhagen"]
[Date "2006.07.29"]
[Round "8.70"]
[White "Holmen, Per Inge"]
[Black "Frisk, Hans"]
[Result "1/2-1/2"]
[WhiteElo "1620"]
[BlackElo "2032"]
[PlyCount "91"]
[EventDate "2006.??.??"]

1. e4 Nf6 2. e5 Nd5 3. c4 Nb6 4. d4 d6 5. f4 dxe5 6. fxe5 Bf5 7. Nc3 e6 8. Be3
N8d7 9. Nf3 c6 10. Be2 Be7 11. O-O O-O 12. Qd2 f6 13. exf6 Bxf6 14. Rae1 e5 15.
d5 cxd5 16. cxd5 Rc8 17. d6 h6 18. Nd5 Rc2 19. Nxf6+ Qxf6 20. Qb4 Kh8 21. Bxb6
Nxb6 22. Nh4 Nd5 23. Qb3 Nf4 24. Nxf5 Nxe2+ 25. Kh1 Nd4 26. Qd3 Qg5 27. Qe4
Rxf5 28. d7 Rff2 29. Rxf2 Rxf2 30. Qxb7 Nf3 31. d8=Q+ Qxd8 32. gxf3 Rxh2+ 33.
Kxh2 Qh4+ 34. Kg2 Qxe1 35. Qc8+ Kh7 36. Qf5+ Kg8 37. Qe6+ Kf8 38. Qc8+ Kf7 39.
Qd7+ Kg6 40. Qe6+ Kh7 41. Qf5+ Kg8 42. Qe6+ Kf8 43. Qc8+ Ke7 44. Qc7+ Kf6 45.
Qd6+ Kg5 46. Qe7+ 1/2-1/2

[Event "Politiken Cup"]
[Site "Copenhagen"]
[Date "2006.07.29"]
[Round "8.71"]
[White "Omarsson, Dadi"]
[Black "Kirkegaard, Niels"]
[Result "1/2-1/2"]
[WhiteElo "1830"]
[BlackElo "2029"]
[PlyCount "68"]
[EventDate "2006.??.??"]

1. e4 c5 2. Nc3 Nc6 3. Nge2 Nf6 4. d4 cxd4 5. Nxd4 e5 6. Ndb5 d6 7. Bg5 a6 8.
Na3 b5 9. Bxf6 gxf6 10. Nd5 f5 11. Bd3 Be6 12. O-O Bxd5 13. exd5 Ne7 14. Re1 e4
15. Bf1 Bg7 16. Rb1 Rc8 17. c4 bxc4 18. Nxc4 O-O 19. g3 Rc5 20. Ne3 Bh6 21. b4
Rc3 22. Qd4 Ra3 23. Qb2 Rxe3 24. fxe3 Qb6 25. Qd2 Rc8 26. Bh3 Rc4 27. Bf1 Rc7
28. Bh3 Qb7 29. Red1 Qc8 30. Rdc1 Rxc1+ 31. Rxc1 Qb7 32. Rd1 Qb6 33. Re1 Qb5
34. Rd1 Qb6 1/2-1/2

[Event "Politiken Cup"]
[Site "Copenhagen"]
[Date "2006.07.29"]
[Round "8.72"]
[White "Tandrup, Michael"]
[Black "Stangeland, Karle"]
[Result "0-1"]
[WhiteElo "2028"]
[BlackElo "1886"]
[PlyCount "146"]
[EventDate "2006.??.??"]

1. d4 f5 2. e4 fxe4 3. Nc3 Nf6 4. Bg5 Nc6 5. f3 e3 6. Bxe3 e6 7. a3 Be7 8. Bd3
O-O 9. Nge2 d5 10. f4 Ng4 11. Qd2 Bh4+ 12. g3 Bf6 13. Bg1 Nh6 14. O-O-O Nf5 15.
g4 Nfxd4 16. Nxd4 Bxd4 17. Bxd4 Nxd4 18. Bxh7+ Kxh7 19. Qxd4 Qf6 20. Qd3+ Kg8
21. Rdf1 c6 22. h4 b5 23. Ne2 b4 24. axb4 a5 25. g5 Qe7 26. Qf3 Ba6 27. Rf2
Bxe2 28. Rxe2 axb4 29. Rhe1 Ra1+ 30. Kd2 Rxe1 31. Kxe1 e5 32. f5 e4 33. Qg4 Qd7
34. Rf2 g6 35. Qg3 gxf5 36. g6 Qg7 37. c3 bxc3 38. bxc3 f4 39. Rxf4 Rxf4 40.
Qxf4 Qxg6 41. Ke2 Kg7 42. Qe5+ Qf6 43. Qg3+ Kh6 44. Kd2 Kh5 45. Kc2 Qg6 46.
Qe5+ Kxh4 47. Qf4+ Kh3 48. Kb3 Kg2 49. Qd2+ Kf3 50. Qd1+ Kf4 51. Qd4 Kf5 52.
Qf2+ Ke6 53. Qc5 Qe8 54. Kc2 Qa8 55. Kb3 Qb7+ 56. Kc2 Qa6 57. Kc1 Qc4 58. Qe3
Kd6 59. Kb2 Qb5+ 60. Kc1 Qf1+ 61. Kb2 Qg2+ 62. Kb3 Qf3 63. Qh6+ Kc7 64. Qg7+
Kd6 65. Qh6+ Kc5 66. Qe6 Qd1+ 67. Kb2 Qe2+ 68. Kb3 Qb5+ 69. Kc2 Kc4 70. Kd1
Kxc3 71. Ke1 Qc5 72. Qh3+ e3 73. Qh8+ Qd4 0-1

[Event "Politiken Cup"]
[Site "Copenhagen"]
[Date "2006.07.29"]
[Round "8.73"]
[White "Preuss, Flemming"]
[Black "Havik, Victor"]
[Result "1/2-1/2"]
[WhiteElo "2023"]
[BlackElo "1754"]
[PlyCount "120"]
[EventDate "2006.??.??"]

1. e4 e5 2. Nf3 Nc6 3. d4 exd4 4. c3 d5 5. exd5 Qxd5 6. cxd4 Bg4 7. Be2 Bb4+ 8.
Nc3 Bxf3 9. Bxf3 Qc4 10. Qb3 Qxb3 11. axb3 Nge7 12. Be3 a6 13. O-O O-O-O 14.
Rfd1 Rhe8 15. g3 Kb8 16. Kg2 Bd6 17. Rd2 Nb4 18. Re1 f6 19. h4 Nec6 20. Bd1 Bf8
21. d5 Ne5 22. Be2 Nd7 23. Rc1 Nc5 24. Bxc5 Bxc5 25. Bf3 Re5 26. Rcd1 Rde8 27.
h5 h6 28. Ne2 a5 29. Nf4 Na6 30. Ne6 Re7 31. Rc2 Bd6 32. Rc4 b6 33. Rg4 Rxh5
34. Rxg7 Rxg7 35. Nxg7 Re5 36. Rh1 Nc5 37. Rxh6 Nxb3 38. Rxf6 Nd4 39. g4 Nxf3
40. Rxf3 Rg5 41. Ne6 Rxg4+ 42. Kf1 Rb4 43. b3 b5 44. Nd8 Rf4 45. Nc6+ Kb7 46.
Nxa5+ Kb6 47. Rxf4 Bxf4 48. b4 c5 49. dxc6 Bd2 50. Nb3 Bxb4 51. Nd4 Bd6 52. Ke2
b4 53. Kd3 Be5 54. Kc4 Bxd4 55. Kxd4 Kxc6 56. Kc4 Kd6 57. Kxb4 Ke5 58. Kc3 Kf4
59. Kd2 Kf3 60. Ke1 Ke4 1/2-1/2

[Event "Politiken Cup"]
[Site "Copenhagen"]
[Date "2006.07.29"]
[Round "8.74"]
[White "Hansen, Jesper"]
[Black "Sørensen, Jens"]
[Result "1-0"]
[WhiteElo "2014"]
[BlackElo "1681"]
[PlyCount "57"]
[EventDate "2006.??.??"]

1. d4 d5 2. c4 e6 3. Nc3 Nf6 4. cxd5 exd5 5. Bg5 c6 6. e3 Be7 7. Qc2 O-O 8. Bd3
g6 9. Nge2 Ne8 10. Bh6 Ng7 11. O-O-O Bg5 12. Bxg7 Kxg7 13. h4 Bxh4 14. g3 Be7
15. Rh2 f5 16. Rdh1 Rh8 17. g4 Bd6 18. Rh6 Qg5 19. gxf5 Bxf5 20. Bxf5 Qxh6 21.
Rxh6 Kxh6 22. Bh3 Na6 23. a3 Rhf8 24. f4 Rae8 25. Nd1 Re7 26. Nf2 c5 27. Ng4+
Kg7 28. dxc5 Nxc5 29. Qc3+ 1-0

[Event "Politiken Cup"]
[Site "Copenhagen"]
[Date "2006.07.29"]
[Round "8.76"]
[White "Nguyen, Michael"]
[Black "Christensen, Sofus Rønne"]
[Result "1-0"]
[WhiteElo "2009"]
[BlackElo "1652"]
[PlyCount "75"]
[EventDate "2006.??.??"]

1. c4 f5 2. g3 Nf6 3. Bg2 d6 4. Nc3 e5 5. d3 Be7 6. e4 fxe4 7. dxe4 O-O 8. Nge2
Qe8 9. h3 Nc6 10. Be3 Qg6 11. Nd5 Bd8 12. Nec3 Nh5 13. O-O Rf7 14. Qd2 Na5 15.
g4 Nf6 16. b3 Ne8 17. Ne2 c6 18. Ndc3 Bb6 19. Ng3 Bxe3 20. Qxe3 c5 21. Nd5 Nc6
22. f4 exf4 23. Rxf4 Nf6 24. Raf1 Be6 25. Nf5 Bxf5 26. exf5 Qg5 27. Qf2 Nd7 28.
Nc7 Rb8 29. Bd5 Nd4 30. Ne6 Qf6 31. Nxd4 cxd4 32. Qxd4 Qe7 33. Bxf7+ Kxf7 34.
Qe4 Ne5 35. f6 gxf6 36. Qxh7+ Ke6 37. Qf5+ Kf7 38. Qxf6+ 1-0

[Event "Politiken Cup"]
[Site "Copenhagen"]
[Date "2006.07.29"]
[Round "8.77"]
[White "De Boer, Albert"]
[Black "Sykes, Chris"]
[Result "1/2-1/2"]
[WhiteElo "2180"]
[BlackElo "1922"]
[PlyCount "58"]
[EventDate "2006.??.??"]

1. e4 e5 2. Nf3 Nc6 3. d4 exd4 4. Bc4 Nf6 5. e5 d5 6. Bb5 Ne4 7. Nxd4 Bc5 8.
Be3 Bd7 9. Bxc6 bxc6 10. O-O O-O 11. f3 Ng5 12. f4 Ne4 13. Nc3 Nxc3 14. bxc3
Qh4 15. Nf5 Bxf5 16. Bxc5 Rfe8 17. Rb1 Re6 18. Qd2 Rg6 19. Bf2 Qg4 20. Bc5 Be4
21. Rf2 h5 22. Rb7 Qc8 23. Rxa7 Rxa7 24. Bxa7 Qb7 25. Bd4 Qb1+ 26. Rf1 Qxa2 27.
Rf2 Qb1+ 28. Rf1 Qb5 29. Rf2 Qb1+ 1/2-1/2

[Event "Politiken Cup"]
[Site "Copenhagen"]
[Date "2006.07.29"]
[Round "8.78"]
[White "Henrichsen, Jens"]
[Black "Hernandez Castro, Julio Cesar"]
[Result "1-0"]
[WhiteElo "2106"]
[BlackElo "1916"]
[PlyCount "87"]
[EventDate "2006.??.??"]

1. d4 Nf6 2. c4 e6 3. Nf3 b6 4. g3 Ba6 5. b3 Bb4+ 6. Bd2 Be7 7. Bg2 c6 8. Bc3
Ne4 9. d5 Nxc3 10. Nxc3 Bb4 11. Qd4 O-O 12. O-O cxd5 13. cxd5 Bxc3 14. Qxc3
Bxe2 15. Rfe1 Ba6 16. dxe6 fxe6 17. Nd4 Nc6 18. Nxe6 dxe6 19. Qxc6 Rc8 20.
Qxe6+ Kh8 21. Rad1 Qc7 22. Rd7 Qc2 23. f4 Qc5+ 24. Kh1 Rc7 25. Rxc7 Qxc7 26.
Qe7 Qb8 27. h4 Bb5 28. Qe5 Re8 29. Qxb8 Rxb8 30. Re7 a6 31. Be4 Rd8 32. a4 Rd1+
33. Kg2 Bf1+ 34. Kf2 g6 35. h5 Kg8 36. hxg6 h6 37. f5 Bh3 38. Ke2 Rd6 39. Ke3
h5 40. Kf4 Kf8 41. Rf7+ Ke8 42. Ke5 Rd1 43. Bc6+ Kd8 44. g7 1-0

[Event "Politiken Cup"]
[Site "Copenhagen"]
[Date "2006.07.29"]
[Round "8.79"]
[White "Moller, Arne"]
[Black "Nielsen, Frode B"]
[Result "1-0"]
[WhiteElo "1901"]
[BlackElo "2098"]
[PlyCount "79"]
[EventDate "2006.??.??"]

1. e4 e5 2. Nf3 Nc6 3. Bb5 Nge7 4. O-O g6 5. d4 exd4 6. Nxd4 Bg7 7. c3 O-O 8.
f4 Nxd4 9. cxd4 c6 10. Be2 Qb6 11. e5 Nf5 12. Kh1 Qxd4 13. Qb3 d5 14. g4 Nh4
15. Qg3 Qe4+ 16. Bf3 Nxf3 17. Rxf3 f6 18. Nc3 Qb4 19. exf6 Bxf6 20. f5 Bd7 21.
Bh6 Bg7 22. Bxg7 Kxg7 23. f6+ Kg8 24. Rf4 d4 25. Ne4 c5 26. f7+ Kg7 27. Rf3
Rxf7 28. Rxf7+ Kxf7 29. Rf1+ Kg7 30. Qe5+ Kh6 31. Qg5+ Kg7 32. Qf6+ Kh6 33. g5+
Kh5 34. Qf3+ Bg4 35. Nf6+ Kxg5 36. Qxg4+ Kh6 37. Qh4+ Kg7 38. Qxh7+ Kf8 39.
Nd7+ Ke8 40. Rf8# 1-0

[Event "Politiken Cup"]
[Site "Copenhagen"]
[Date "2006.07.29"]
[Round "8.80"]
[White "Werner, Gert"]
[Black "Berstad, Joerund"]
[Result "1/2-1/2"]
[WhiteElo "2069"]
[BlackElo "1883"]
[PlyCount "48"]
[EventDate "2006.??.??"]

1. Nf3 c5 2. g3 d5 3. Bg2 Nc6 4. d4 Nf6 5. O-O e6 6. c4 dxc4 7. Qa4 Bd6 8. dxc5
Bxc5 9. Ne5 Bd7 10. Nxd7 Nxd7 11. Nd2 Nde5 12. Nxc4 O-O 13. Nxe5 Nxe5 14. Bxb7
Rb8 15. Bg2 Rb4 16. Qa6 Rd4 17. Qb5 Qc7 18. Bf4 Rb8 19. Bxe5 Qxe5 20. Qc6 Rd2
21. Rac1 Bb6 22. Bf3 Rbd8 23. Qc3 Qxc3 24. Rxc3 Rxb2 1/2-1/2

[Event "Politiken Cup"]
[Site "Copenhagen"]
[Date "2006.07.29"]
[Round "8.81"]
[White "Skjoldager, Flemming"]
[Black "Almer, Julia"]
[Result "0-1"]
[WhiteElo "2067"]
[BlackElo "1900"]
[PlyCount "52"]
[EventDate "2006.??.??"]

1. e4 e5 2. Nf3 Nc6 3. Bb5 a6 4. Ba4 Nf6 5. Qe2 d6 6. c3 Be7 7. h3 O-O 8. O-O
Re8 9. Re1 Bf8 10. d3 h6 11. Nbd2 b5 12. Bc2 Ne7 13. d4 Ng6 14. a4 Nf4 15. Qf1
Bd7 16. c4 Rb8 17. axb5 axb5 18. b3 Nh7 19. Kh2 Ng5 20. Nxg5 hxg5 21. dxe5 g4
22. hxg4 Bxg4 23. g3 Re6 24. f3 Rh6+ 25. Kg1 dxe5 26. fxg4 Bc5+ 0-1

[Event "Politiken Cup"]
[Site "Copenhagen"]
[Date "2006.07.29"]
[Round "8.82"]
[White "Di Paolo, Marco"]
[Black "Jensen, Søren Holm"]
[Result "1/2-1/2"]
[WhiteElo "2060"]
[BlackElo "1902"]
[PlyCount "90"]
[EventDate "2006.??.??"]

1. e4 e5 2. Nc3 Nf6 3. Bc4 Nc6 4. d3 Na5 5. Bb3 Nxb3 6. axb3 c6 7. f4 exf4 8.
Bxf4 d5 9. Nf3 dxe4 10. Qe2 Bb4 11. O-O Bxc3 12. bxc3 O-O 13. dxe4 Qe7 14. Rae1
Bg4 15. Bg5 Qc5+ 16. Qe3 Qxe3+ 17. Rxe3 Nd7 18. e5 Rfe8 19. Bf4 Nc5 20. Nd2 b5
21. b4 Ne6 22. Bg3 Rad8 23. Ne4 Rd1 24. Ree1 Rxe1 25. Rxe1 Rd8 26. Nd6 Nc7 27.
Bf2 Nd5 28. Bxa7 Nxc3 29. h3 Be6 30. Bd4 Nd5 31. Bc5 Ra8 32. Nb7 Ra2 33. Na5
Bd7 34. Re2 Rb2 35. Rd2 Be8 36. Kh2 g6 37. Nb3 Bd7 38. Bd4 Ra2 39. Nc5 Be6 40.
Nxe6 fxe6 41. Bc5 Ra1 42. Rf2 Rb1 43. Rf8+ Kg7 44. Re8 Kf7 45. Rf8+ Kg7 1/2-1/2

[Event "Politiken Cup"]
[Site "Copenhagen"]
[Date "2006.07.29"]
[Round "8.83"]
[White "Schmidt, Horst Hubert"]
[Black "Thingstad, Even"]
[Result "1-0"]
[WhiteElo "2042"]
[BlackElo "1861"]
[PlyCount "95"]
[EventDate "2006.??.??"]

1. e4 e6 2. d4 d5 3. e5 c5 4. c3 Qb6 5. a3 c4 6. Nd2 Nc6 7. b3 cxb3 8. Nxb3
Nge7 9. Bd3 Ng6 10. Ne2 Be7 11. O-O Bd7 12. a4 O-O 13. Kh1 Na5 14. Nxa5 Qxa5
15. Bd2 Qc7 16. f4 Rfc8 17. g4 Nf8 18. f5 f6 19. exf6 gxf6 20. g5 e5 21. dxe5
fxe5 22. f6 Bc5 23. Ng3 Bh3 24. f7+ Kh8 25. Qf3 Qe7 26. g6 Nxg6 27. Qh5 e4 28.
Bg5 Bxf1 29. Rxf1 exd3 30. Bxe7 Bxe7 31. Qxd5 Rd8 32. Qh5 Rd7 33. Ne4 Rad8 34.
Ng5 Bxg5 35. Qxg5 Rd6 36. Qd2 Re6 37. c4 b6 38. Qc3+ Re5 39. f8=Q+ Rxf8 40.
Rxf8+ Nxf8 41. Qxe5+ Kg8 42. Qd5+ Kg7 43. Qxd3 Ng6 44. Qd7+ Kh6 45. Qxa7 Kh5
46. Qxb6 h6 47. Qxg6+ Kxg6 48. a5 1-0

[Event "Politiken Cup"]
[Site "Copenhagen"]
[Date "2006.07.29"]
[Round "8.84"]
[White "Jacobsen, Maria Pitz"]
[Black "Ertbjerg, Andreas Lund"]
[Result "0-1"]
[WhiteElo "1848"]
[BlackElo "2034"]
[PlyCount "80"]
[EventDate "2006.??.??"]

1. e4 e6 2. d4 d5 3. e5 c5 4. Nf3 Nc6 5. c3 Qb6 6. Nbd2 cxd4 7. cxd4 Nxd4 8.
Bd3 Nxf3+ 9. Nxf3 Bb4+ 10. Bd2 Bd7 11. O-O Bxd2 12. Qxd2 Ne7 13. Qf4 h6 14. Qg4
O-O 15. Qh5 Bb5 16. Rad1 Bxd3 17. Rxd3 Ng6 18. Qg4 Rac8 19. Rb3 Qc7 20. Qd4 b6
21. Rc3 Qd7 22. Rfc1 Rxc3 23. Qxc3 Ne7 24. h3 Rc8 25. Qd2 Rxc1+ 26. Qxc1 Qc6
27. Qd2 Qc4 28. b3 Qc5 29. Qd3 b5 30. Nd4 a6 31. Kh2 Nc6 32. Nxc6 Qxc6 33. Qd2
Qc5 34. Kg3 d4 35. Kf3 Qd5+ 36. Kg3 Qxe5+ 37. f4 Qc5 38. Kf2 Qc3 39. Ke2 Qxd2+
40. Kxd2 f6 0-1

[Event "Politiken Cup"]
[Site "Copenhagen"]
[Date "2006.07.29"]
[Round "8.85"]
[White "Jensen, Soren"]
[Black "Lie, Terje"]
[Result "1/2-1/2"]
[WhiteElo "2028"]
[BlackElo "1842"]
[PlyCount "146"]
[EventDate "2006.??.??"]

1. Nf3 Nf6 2. g3 e6 3. c4 d5 4. Qb3 c5 5. Bg2 Nc6 6. d3 Be7 7. O-O O-O 8. cxd5
Qxd5 9. Qxd5 Nxd5 10. Nc3 a6 11. Nxd5 exd5 12. Be3 Be6 13. Rfc1 b6 14. Ng5 Rac8
15. Nxe6 fxe6 16. f4 Bf6 17. Rab1 Nd4 18. Kf1 Rfd8 19. b4 c4 20. dxc4 Rxc4 21.
Rxc4 dxc4 22. Bb7 a5 23. bxa5 bxa5 24. Rc1 c3 25. Rxc3 Nf3 26. Ra3 Nxh2+ 27.
Ke1 Rb8 28. Bc6 Be7 29. Rb3 Bb4+ 30. Kf2 Ng4+ 31. Kf3 Nxe3 32. Kxe3 Bc5+ 33.
Ke4 Rxb3 34. axb3 Bd6 35. g4 Kf7 36. Bb5 h6 37. Bc4 Ke7 38. Kf3 e5 39. f5 Kf6
40. e4 Bc5 41. Bd5 Ba3 42. Bc4 Bc1 43. Bd5 Bd2 44. Bc4 Be1 45. Bd5 Kg5 46. Bf7
Bd2 47. Be8 Bf4 48. Bf7 Kf6 49. Bd5 Ke7 50. Ke2 Kd6 51. Kd3 Kc5 52. Bf7 Bg3 53.
Bg6 Be1 54. Bf7 Kb4 55. Be6 Bc3 56. Bd5 Bd4 57. Be6 Kc5 58. Bf7 Bb2 59. Bg8 Bc1
60. Bf7 Kd6 61. Ke2 Ke7 62. Bc4 Kf6 63. Kf3 g6 64. fxg6 Kxg6 65. Bg8 Kg5 66.
Be6 Kh4 67. Bf7 Kh3 68. Be6 Kh2 69. Bf7 Kg1 70. Be6 Kf1 71. Bf7 Ke1 72. Be6 Kd2
73. Bd5 Kd3 1/2-1/2

[Event "Politiken Cup"]
[Site "Copenhagen"]
[Date "2006.07.29"]
[Round "8.86"]
[White "Jacobsen, Per"]
[Black "Martin, Katie"]
[Result "0-1"]
[WhiteElo "1508"]
[BlackElo "1939"]
[PlyCount "36"]
[EventDate "2006.??.??"]

1. b3 e5 2. Bb2 Nc6 3. e3 d5 4. Bb5 Bd6 5. Bxc6+ bxc6 6. Nf3 Qe7 7. O-O Bg4 8.
h3 Bh5 9. d3 Nf6 10. Nbd2 e4 11. g4 Nxg4 12. hxg4 Bxg4 13. dxe4 dxe4 14. Nxe4
Qxe4 15. Ng5 Qf5 16. f3 Qxg5 17. fxg4 Qxe3+ 18. Rf2 Bc5 0-1

[Event "Politiken Cup"]
[Site "Copenhagen"]
[Date "2006.07.29"]
[Round "8.87"]
[White "Skovgaard, Tom"]
[Black "Bjornes, Leif"]
[Result "1-0"]
[WhiteElo "2004"]
[BlackElo "1710"]
[PlyCount "85"]
[EventDate "2006.??.??"]

1. e4 c6 2. d4 d5 3. Nc3 dxe4 4. Nxe4 Nf6 5. Nxf6+ gxf6 6. c3 Bf5 7. Nf3 e6 8.
g3 Qd5 9. Bg2 Qe4+ 10. Qe2 Qxe2+ 11. Kxe2 Be4 12. Nh4 Bxg2 13. Nxg2 Nd7 14. Be3
h5 15. h4 Nb6 16. Nf4 Nd5 17. Nd3 Nxe3 18. Kxe3 Bh6+ 19. Ke2 Rd8 20. Rhd1 Ke7
21. Rab1 Rd5 22. b4 e5 23. Nc5 b6 24. Nb3 a6 25. c4 Rdd8 26. c5 bxc5 27. dxc5
Rxd1 28. Rxd1 Rd8 29. Rxd8 Kxd8 30. Na5 Kc7 31. Nc4 Bc1 32. Kd3 Kd7 33. f3 Bh6
34. Nd6 Ke6 35. g4 hxg4 36. fxg4 Bf8 37. Nf5 Kd5 38. h5 e4+ 39. Ke3 Kc4 40. h6
Bxh6+ 41. Nxh6 Kxb4 42. Kxe4 Kxc5 43. Nxf7 1-0

[Event "Politiken Cup"]
[Site "Copenhagen"]
[Date "2006.07.29"]
[Round "8.88"]
[White "Bergvoll, Mats"]
[Black "Fjellengen, Bård"]
[Result "1/2-1/2"]
[WhiteElo "2003"]
[BlackElo "1879"]
[PlyCount "84"]
[EventDate "2006.??.??"]

1. c4 e5 2. Nc3 Nc6 3. g3 d6 4. Bg2 Nge7 5. e3 g6 6. Nge2 Bg7 7. O-O O-O 8. a3
Be6 9. Nd5 f5 10. d3 Bf7 11. Nec3 Rb8 12. Rb1 a6 13. b4 Nxd5 14. Nxd5 Ne7 15.
Nxe7+ Qxe7 16. Bb2 c6 17. b5 axb5 18. cxb5 d5 19. bxc6 bxc6 20. Qc2 c5 21. a4
c4 22. dxc4 dxc4 23. Qc3 Rb3 24. Qc2 Rfb8 25. Bc3 e4 26. Bxg7 Kxg7 27. Ra1 Qb4
28. f3 Rb2 29. Qd1 Rd2 30. Qc1 exf3 31. Bxf3 c3 32. a5 Qc5 33. Re1 Bd5 34. Bxd5
Rxd5 35. a6 Rd2 36. a7 Ra8 37. Ra3 Qc6 38. e4 Qc5+ 39. Kh1 Rxa7 40. Rxa7+ Qxa7
41. Qxc3+ Qd4 42. Qxd4+ Rxd4 1/2-1/2

[Event "Politiken Cup"]
[Site "Copenhagen"]
[Date "2006.07.29"]
[Round "8.89"]
[White "Tudvad, Mads"]
[Black "Svanholm, Borge Waaktaar"]
[Result "1/2-1/2"]
[WhiteElo "1493"]
[BlackElo "1978"]
[PlyCount "27"]
[EventDate "2006.??.??"]

1. d4 Nf6 2. Nf3 g6 3. Bf4 Bg7 4. e3 d6 5. Nbd2 c5 6. c3 O-O 7. Bd3 b6 8. Qc2
Bb7 9. h4 h5 10. Rg1 Nbd7 11. Nh2 e5 12. dxe5 dxe5 13. Bg5 Qe8 14. g4 1/2-1/2

[Event "Politiken Cup"]
[Site "Copenhagen"]
[Date "2006.07.29"]
[Round "8.90"]
[White "Hartsteen, Mark"]
[Black "Goetzee, Rick"]
[Result "1/2-1/2"]
[WhiteElo "1973"]
[BlackElo "1641"]
[PlyCount "50"]
[EventDate "2006.??.??"]

1. c4 Nf6 2. Nf3 c6 3. Nc3 d5 4. cxd5 cxd5 5. g3 Nc6 6. Bg2 Bf5 7. d3 e6 8. O-O
Rc8 9. Bf4 Bd6 10. Bxd6 Qxd6 11. Nb5 Qd7 12. Rc1 O-O 13. Qb3 a6 14. Nbd4 Bg6
15. Nxc6 bxc6 16. Qb6 Rb8 17. Qxa6 Rxb2 18. Ne5 Qd6 19. Nxg6 hxg6 20. Rxc6 Qb4
21. Bf3 e5 22. e3 e4 23. dxe4 dxe4 24. Bg2 Qd2 25. Rc8 Rxa2 1/2-1/2

[Event "Politiken Cup"]
[Site "Copenhagen"]
[Date "2006.07.29"]
[Round "8.91"]
[White "Hansen, Johny"]
[Black "Nielsen, Preben"]
[Result "1-0"]
[WhiteElo "1494"]
[BlackElo "1972"]
[PlyCount "105"]
[EventDate "2006.??.??"]

1. e4 c5 2. Nf3 Nc6 3. d3 g6 4. Be2 Bg7 5. c3 d5 6. exd5 Qxd5 7. O-O e5 8. Re1
Nge7 9. Na3 O-O 10. Bd2 Bf5 11. Bg5 f6 12. Be3 b6 13. d4 cxd4 14. Bc4 Qxc4 15.
Nxc4 dxe3 16. Nxe3 Be6 17. Qe2 f5 18. Ng5 Rf6 19. Nxe6 Rxe6 20. Qc4 Kf7 21. Nd5
Na5 22. Qd3 Rd8 23. c4 Red6 24. Qe2 Nec6 25. Rad1 e4 26. b3 Nb7 27. Rd2 Bh6 28.
Rdd1 Bg7 29. a3 Nc5 30. Qa2 Nd3 31. Rf1 Bd4 32. Kh1 Nce5 33. h3 g5 34. Ne3 Kf6
35. Nd5+ Ke6 36. Qd2 h6 37. Nc7+ Kf6 38. Nb5 R6d7 39. Nxd4 Rxd4 40. Kg1 R4d7
41. Qc3 Rc8 42. f3 Nf4 43. Qe3 Rcd8 44. Rxd7 Rxd7 45. fxe4 Rd3 46. Qe1 Rxb3 47.
g3 Nxh3+ 48. Kg2 Rb2+ 49. Kh1 Rb3 50. Rxf5+ Ke6 51. Qd1 Rd3 52. Qh5 g4 53.
Rxe5+ 1-0

[Event "Politiken Cup"]
[Site "Copenhagen"]
[Date "2006.07.29"]
[Round "8.92"]
[White "Friesen, Bas"]
[Black "Petersen, Nicolai Kvist Brond"]
[Result "1/2-1/2"]
[WhiteElo "1971"]
[BlackElo "1562"]
[PlyCount "79"]
[EventDate "2006.??.??"]

1. d4 d5 2. Nf3 Nf6 3. Bg5 Bf5 4. e3 c6 5. Be2 Nbd7 6. O-O h6 7. Bf4 e6 8. c4
dxc4 9. Bxc4 Nb6 10. Be2 Bd6 11. Bxd6 Qxd6 12. Nc3 O-O 13. Qb3 Nfd5 14. Rac1
Nxc3 15. Qxc3 Nd5 16. Qb3 Qb4 17. Bc4 Qxb3 18. Bxb3 Rac8 19. a3 Rc7 20. Bxd5
exd5 21. Rc3 f6 22. Nd2 b6 23. Rfc1 Rfc8 24. b4 Kf7 25. f3 Ke6 26. Kf2 Kd6 27.
Nb3 Bg6 28. Ke2 Rb8 29. Kf2 Rbc8 30. Kg3 Re8 31. h4 h5 32. Kf4 Bh7 33. Kg3 Rg8
34. Kf2 Bf5 35. Rg1 g5 36. g4 hxg4 37. fxg4 Be4 38. h5 f5 39. Nd2 fxg4 40.
Nxe4+ 1/2-1/2